La democratización de los procesos electorales sindicales. Análisis del proyecto legislativo presentado por Facundo Moyano (Registro nro. 18629)

Detalles MARC
000 -LEADER
fixed length control field 00397 a2200109 4500
001 - CONTROL NUMBER
control field ART_38675
005 - DATE AND TIME OF LATEST TRANSACTION
control field 20260410161740.0
008 - FIXED-LENGTH DATA ELEMENTS--GENERAL INFORMATION
fixed length control field 260409a
100 1# - MAIN ENTRY--PERSONAL NAME
Personal name Slavin, Luis P.
245 10 - TITLE STATEMENT
Title La democratización de los procesos electorales sindicales. Análisis del proyecto legislativo presentado por Facundo Moyano
773 0# - HOST ITEM ENTRY
Title Doctrina laboral
Related parts - Nº 344 (abr. 2014)
Record control number REV4049

No hay ítems disponibles.